Fauna amenazada del departamento de Córdoba / (Registro nro. 18286)
[ vista simple ]
| 000 -CABECERA | |
|---|---|
| Campo de control | 00859nam a22002177a 4500 |
| 005 - FECHA Y HORA DE LA ULTIMA TRANSACCION | |
| Campo de control | 20161128092210.0 |
| 008 - ELEMENTOS DE LONGITUD FIJA—INFORMACION GENERAL | |
| Campo de control | 160415b2010 ck a gr|||| 00| 0 spa d |
| 020 ## - ISBN | |
| ISBN | 9789584465320 |
| 040 ## - FUENTE DE CATALOGACIÓN | |
| Agencia catalogadora original | CO-BoIAVH |
| Agencia transcriptora | CO-BoIAVH |
| 041 0# - IDIOMA | |
| Código de idioma para texto/pista de sonido o título separado | Español |
| 044 ## - PAÍS DE PUBLICACIÓN | |
| País de publicación | Colombia |
| 082 04 - NUMERO DE CLASIFICACION DECIMAL DEWEY | |
| Número de clasificación | 578.68 |
| Número del ítem | R91f |
| 100 1# - ASIENTO PRINCIPAL--NOMBRE PERSONAL | |
| Nombre personal | Rueda-Almonacid, José Vicente |
| 9 (RLIN) | 689 |
| 245 10 - MENCION DE TITULO | |
| Título | Fauna amenazada del departamento de Córdoba / |
| Mención de responsabilidad | José Vicente Rueda Almonacid y José Nicolás Rueda |
| 260 ## - PUBLICACION, DISTRIBUCION, ETC. (PIE DE IMPRENTA) | |
| Lugar de publicación, distribución, etc. | [Bogotá?] : |
| Nombre del editor, distribuidor, etc. | Corporación Colombia en Hechos, |
| Fecha de publicación, distribución, etc. | 2010. |
| 300 ## - DESCRIPCION FISICA | |
| Extensión | 86 páginas : |
| Otros detalles físicos | ilustraciones a color ; |
| Dimensiones | 14 x 9 centímetros |
| 650 #6 - ASIENTO SECUNDARIO DE MATERIA - TERMINO TEMATICO | |
| Término temático o nombre geográfico como elemento de entrada | Especies en peligro de extinción |
| Subdivisión geográfica | Córdoba (Departamento, Colombia) |
| 9 (RLIN) | 65343 |
| 650 #6 - ASIENTO SECUNDARIO DE MATERIA - TERMINO TEMATICO | |
| Término temático o nombre geográfico como elemento de entrada | Fauna |
| Subdivisión general | Especies en peligro de extinción |
| Subdivisión geográfica | Córdoba (Departamento, Colombia) |
| 9 (RLIN) | 65344 |
| 700 1# - ASIENTO SECUNDARIO - NOMBRE PERSONAL | |
| 9 (RLIN) | 46573 |
| Nombre personal | Rueda, José Nicolás |
| Término de relación | autor |
| 942 ## - ELEMENTOS ADICIONALES (KOHA) | |
| Sistema de clasificación | Dewey Decimal Classification |
| Tipo de ítem | Libro |
| Withdrawn status | Lost status | Sistema de Clasificación | Damaged status | No para préstamo | Colección | Inventariado | Ubicación Permanente | Ubicación actual | Fecha de adquisición | Fuente de Valor | Valor | Total Checkouts | Número topográfico | Inventario / Código de Barras | Date last seen | Ejemplar | Price effective from | Forma de adquisición | Tipo de material |
|---|---|---|---|---|---|---|---|---|---|---|---|---|---|---|---|---|---|---|---|
| Dewey Decimal Classification | General | Inventariado 2017 | Bogotá | Bogotá | 15/04/2016 | Instituto | 39000.00 | LB-578.68 R91f | 039946 | 15/04/2016 | Ej. 1 | 15/04/2016 | Libro |